LIBRARY & INFORMATION CENTRE, KCAET, TAVANUR

ONLINE PUBLIC ACCESS CATALOGUE (OPAC)

Relativity physics / (Record no. 2234)

MARC details
000 -LEADER
fixed length control field 00424cam a2200181ua 4500
041 ## - LANGUAGE CODE
Language code of text/sound track or separate title eng
082 ## - DEWEY DECIMAL CLASSIFICATION NUMBER
Classification number 530.11
Item number MCC/ RE
100 ## - MAIN ENTRY--AUTHOR NAME
Personal name McCrea, W H .
245 ## - TITLE STATEMENT
Title Relativity physics /
250 ## - EDITION STATEMENT
Edition statement 4 /
260 ## - PUBLICATION, DISTRIBUTION, ETC. (IMPRINT)
Place of publication Newyork :
Name of publisher Methuen and Co. Ltd ,
Year of publication 1965.
300 ## - PHYSICAL DESCRIPTION
Number of Pages 87 ; .
942 ## - ADDED ENTRY ELEMENTS (KOHA)
Koha item type Books
Holdings
Withdrawn status Lost status Damaged status Home library Current library Date acquired Full call number Accession Number Koha item type
      KAUAET KAUAET 07/04/2012 530.11 MCC/RE 11471 Books
Withdrawn     KAUAET Malayalam University 27/11/2023 530.11 MCC/ RE 11971 Books
free website counter